000 01316nam0a2200337 4500
001 RU\NLR\BIBL_A\021991989
005 20230904114401.0
010 _a978-5-6048933-1-9
_9500
021 _aRU
_bКН-П-23-040634
_9КН-П-23-4053
035 _a(NLR Aleph) 021991989
035 _a(RuMoRGB)011873915
090 _a12430253
_c12430253
100 _a20230731d2023 u y0rusy50 ca
101 0 _arus
_aara
102 _aRU
105 _ay z 000zy
181 0 _ai
_baxxe
182 0 _an
200 1 _aХадисоведение. Мусталах аль-хадис
_eучебное пособие
_fР. Ф. Иззетов
_gРоссийский исламский институт
203 _aТекст
_bвизуальный
_cнепосредственный
210 _aКазань
_cХузур
_d2023
215 _a286 с.
_d21
300 _aТекст рус., араб.
320 _aБиблиогр.: с. 282-286
606 _aХадисы
_xТолкование
_jУчебные издания для высших учебных заведений
_2nlr_sh1
_2nlr_sh2
_3RU\NLR\AUTH\661429761
686 1 _aЭ38-220.9я73
700 1 _aИззетов
_bР. Ф.
_gРустам Фемиевич
942 _cBOOK
980 _aNB